La liberation de la France

Shranjeno v:
Bibliografske podrobnosti
Format: Knjiga
Jezik:francoščina
Izdano: París Editions du Centre National de la Recherche Scientifique 1976
Teme:
Oznake: Označite
Brez oznak, prvi označite!

MARC

LEADER 00000nam a2200000 a 4500
001 UCZ0340
003 CL-VaPUC
005 20220315074412.0
008 950728e19760000fr 1 fre d
082 0 4 |a 944.0816  |b LIB  |2 21 
245 1 3 |a La liberation de la France 
260 |a París  |b Editions du Centre National de la Recherche Scientifique  |c 1976 
300 |a 1054 p 
583 |a last modification  |c 19950728 00:00:00  |k Rodrigo Vera 
650 0 0 |a Derechos civiles y políticos   |9 338684 
650 0 7 |a GUERRA MUNDIAL II  |2 CL-VaPUC  |9 336657 
650 0 0 |a Historia  |9 255047 
650 0 0 |a Congresos  |9 257560 
651 0 |a Francia  |9 255157 
942 |c BK 
945 |a rbrito  |d 19950728 00:00:00 
546 |a En Francés 
536 |a Comite d'Histoire de la 2 e Guerre Mondiale 
518 |p Actes du Colloque International sur la Liberation de la France 
999 |c 382430  |d 382428 
952 |0 0  |1 0  |4 0  |6 944_081600000000000_LIB_1976  |7 0  |8 A  |9 504114  |a BIBHIS  |b BIBHIS  |d 2020-01-23  |i 3108686  |o 944.0816 LIB 1976  |p 3108686  |r 2025-01-20  |w 2020-01-23  |y BK  |k HIS